Library of the University of Algiers 3
Ibrahim Sultan Cheibout
شعار جامعة الجزائر 3
مكتبة جامعة الجزائر 3
إبراهيم سلطان شيبوط

مكافحة غسيل الأموال : (رقم التسجيلة. 42780)

تفاصيل مارك
000 -LEADER
fixed length control field 01705nam a2200277Ia 4500
003 - CONTROL NUMBER IDENTIFIER
control field Ost
005 - DATE AND TIME OF LATEST TRANSACTION
control field 20260507075100.0
008 - FIXED-LENGTH DATA ELEMENTS--GENERAL INFORMATION
fixed length control field 260507s9999||||xx |||||||||||||| ||und||
040 ## - CATALOGING SOURCE
Transcribing agency fsecg
041 ## - LANGUAGE CODE
Language code of text/sound track or separate title ara
082 ## - DEWEY DECIMAL CLASSIFICATION NUMBER
Classification number 364.133
100 ## - MAIN ENTRY--PERSONAL NAME
Personal name محمدين، جلال وفاء
Relator term مؤلف
245 #0 - TITLE STATEMENT
Title مكافحة غسيل الأموال :
Remainder of title طبقا للقانون الكويتي رقم 35 لسنة 2002 مقارنا بكل من القانون المصري واللبناني والإماراتي /
Statement of responsibility, etc. جلال وفاء محمدين
260 ## - PUBLICATION, DISTRIBUTION, ETC.
Place of publication, distribution, etc. الاسكندرية:
Name of publisher, distributor, etc. دار الجامعة الجديدة,
Date of publication, distribution, etc. 2004
300 ## - PHYSICAL DESCRIPTION
Extent 165 صفحة؛
Dimensions 25 سم
490 ## - SERIES STATEMENT
Series statement المكتبة القانونية
504 ## - BIBLIOGRAPHY, ETC. NOTE
Bibliography, etc. note بيبليوغرافيا ص.150
520 ## - SUMMARY, ETC.
Summary, etc. التعريف بغسيل الأموال،جرائم غسيل الأموال والعقاب عليها،جرائم غسيل الأموال،العقوبات،التزاماتالبنوك والمؤسسات المالية والجزاءات ، التزامات البنوك والمؤسسات المالية الكويتية،الجزاءات في القانون الكويتي، الإلتزامات والجزاءات في القوانين الأخرى،أنماط المعاملات المشبوهة لغسيل الأموال والتحري والإبلاغ عنها،أنماط من المعاملات المشبوهة لغسيل الأموال،التحري والإبلاغ عن المعاملات المشبوهة
653 ## - INDEX TERM--UNCONTROLLED
Uncontrolled term الإمارات
653 ## - INDEX TERM--UNCONTROLLED
Uncontrolled term تبييض الاموال
653 ## - INDEX TERM--UNCONTROLLED
Uncontrolled term جرائم الاموال
653 ## - INDEX TERM--UNCONTROLLED
Uncontrolled term قانون
653 ## - INDEX TERM--UNCONTROLLED
Uncontrolled term لبنان
653 ## - INDEX TERM--UNCONTROLLED
Uncontrolled term مصر
942 ## - ADDED ENTRY ELEMENTS (KOHA)
Koha item type كتب
المقتنيات
Withdrawn status Lost status Source of classification or shelving scheme Damaged status Not for loan Home library Current library Date acquired Serial enumeration / chronology Inventory number Total checkouts Full call number Barcode Date last seen Price effective from Koha item type
    Dewey Decimal Classification   NOT LOAN / إعارة داخلية مكتبة كلية العلوم الإقتصادية والعلوم التجارية وعلوم التسيير مكتبة كلية العلوم الإقتصادية والعلوم التجارية وعلوم التسيير 07/05/2026 الطابق الأرضي 1065/1   أ/1065ن1 1065/1 07/05/2026 07/05/2026 كتب
    Dewey Decimal Classification   Available مكتبة كلية العلوم الإقتصادية والعلوم التجارية وعلوم التسيير مكتبة كلية العلوم الإقتصادية والعلوم التجارية وعلوم التسيير 07/05/2026 الطابق الثاني 1065/2   أ/1065ن2 1065/2 07/05/2026 07/05/2026 كتب

موارد الويب المفتوحة


© University of Algiers 3 All Rights Reserved
|
Implemented by LECHELAH Riad